Catálogo

Economía política I : (Registro nro. 9310)

Detalles MARC
000 -LEADER
fixed length control field 01170nam a2200337 a 4500
001 - CONTROL NUMBER
control field 9310
003 - CONTROL NUMBER IDENTIFIER
control field Mx-PuUPA
005 - DATE AND TIME OF LATEST TRANSACTION
control field 20240410103448.0
008 - FIXED-LENGTH DATA ELEMENTS--GENERAL INFORMATION
fixed length control field 140415s1966 000 0 spa d
020 ## - INTERNATIONAL STANDARD BOOK NUMBER
International Standard Book Number 9681605586 (obra completa)
020 ## - INTERNATIONAL STANDARD BOOK NUMBER
International Standard Book Number 9681602129 (t.1)
040 ## - CATALOGING SOURCE
Original cataloging agency Mx-PuUPA
Language of cataloging spa
Transcribing agency Mx-PuUPA
Modifying agency Mx-PuUPA
Description conventions rda
041 1# - LANGUAGE CODE
Language code of text/sound track or separate title spa
Language code of original fre
100 1# - MAIN ENTRY--PERSONAL NAME
Personal name Lange, Oskar,
Dates associated with a name 1904-1965
Relator term autor
9 (RLIN) 8096
240 10 - UNIFORM TITLE
Uniform title Economie politique.
Language of a work Español
245 10 - TITLE STATEMENT
Title Economía política I :
Remainder of title problemas generales /
Statement of responsibility, etc. Oskar Lange ; traducción de Silverio Ruíz Daimiel
250 ## - EDITION STATEMENT
Edition statement Primera edición
264 #4 - PRODUCTION, PUBLICATION, DISTRIBUTION, MANUFACTURE, AND COPYRIGHT NOTICE
Place of production, publication, distribution, manufacture México, D. F. :
Name of producer, publisher, distributor, manufacturer Fondo de Cultura Económica,
Date of production, publication, distribution, manufacture, or copyright notice ©1966
300 ## - PHYSICAL DESCRIPTION
Extent 262 páginas ;
Dimensions 21 cm
336 ## - CONTENT TYPE
Content type term texto
Fuente rdacontent
Content type code txt
337 ## - MEDIA TYPE
Media type term sin medio
Source rdamedia
Media type code n
338 ## - CARRIER TYPE
Carrier type term volumen
Source rdacarrier
Carrier type code nc
490 0# - SERIES STATEMENT
Series statement Sección de Obras de Economía
650 #4 - SUBJECT ADDED ENTRY--TOPICAL TERM
Topical term or geographic name entry element Economía
650 #4 - SUBJECT ADDED ENTRY--TOPICAL TERM
Topical term or geographic name entry element Política
700 1# - ADDED ENTRY--PERSONAL NAME
Personal name Ruíz Daimiel, Silvio,
Relator term traductor
765 18 - ORIGINAL LANGUAGE ENTRY
Main entry heading Lange, Oskar,
Place, publisher, and date of publication París : Presses Universitaires de France, ©1962
Title Economie politique, Vol.1
942 ## - ADDED ENTRY ELEMENTS (KOHA)
Source of classification or shelving scheme Dewey Decimal Classification
Koha item type Libro
Classification part 330
Item part L243
Existencias
Withdrawn status Lost status Source of classification or shelving scheme Damaged status Not for loan Collection code Home library Current library Shelving location Date acquired Source of acquisition Serial Enumeration / chronology Full call number Barcode Date last seen Date last checked out Price effective from Koha item type Total Checkouts Copy number
    Dewey Decimal Classification     General Biblioteca Karol Wojtyla Biblioteca Karol Wojtyla Sala general 03/12/2013 Compra t.1 330 L243 1966 23517 05/01/2026 17/05/2018 11/07/2018 Libro    
    Dewey Decimal Classification     General Biblioteca Karol Wojtyla Biblioteca Karol Wojtyla Sala general 03/12/2013 Compra t.1 330 L243 1966 34631 05/01/2026 01/11/2018 03/12/2013 Libro 1 Ej.3
  No inventariado Dewey Decimal Classification       Biblioteca Karol Wojtyla Biblioteca Karol Wojtyla   03/12/2013 Compra   330 LAN 23518     03/12/2013 Libro    
    Dewey Decimal Classification     General Biblioteca Karol Wojtyla Biblioteca Karol Wojtyla Sala general 03/12/2013 Compra t.1 330 L243 1966 317 05/01/2026   03/12/2013 Libro   Ej.2